Statistieken voor Rijkste landen naar Rijkdom per Hoofd

Klik hier om de quiz te nemen!

Algemene statistieken

  • Deze quiz is 395 keer genomen
  • De gemiddelde score is 25 van 40

Antwoordstatistieken

$ / VolwLand% Correct
279,077Nederland
96%
432,365Verenigde Staten
96%
246,135Belgie
91%
216,654Duitsland
90%
207,531Spanje
89%
276,121Frankrijk
88%
294,255Canada
86%
234,139Italie
86%
265,260Zweden
86%
564,653Zwitserland
85%
267,348Noorwegen
84%
131,088Portugal
79%
280,049Verenigd Koninkrijk
78%
238,104Japan
76%
358,003Luxemburg
76%
284,022Denemarken
75%
386,058Australie
73%
218,512Monaco
71%
274,919Oostenrijk
71%
96,110Griekenland
62%
304,124Nieuw-Zeeland
61%
272,310Ierland
56%
380,868IJsland
56%
219,345Liechtenstein
56%
147,745Qatar
56%
218,321Andorra
54%
218,985San Marino
54%
67,032Saoedi-Arabië
51%
175,015Zuid-Korea
50%
143,566Malta
43%
64,633Tsjechie
41%
78,458Estland
40%
297,873Singapore
37%
122,508Slovenie
37%
116,207Cyprus
36%
66,171Slowakije
34%
131,269Koeweit
30%
196,568Israel
28%
87,108Bahrein
27%
217,995Palau
7%

Scoreverdeling

Percentiel versus Aantal Correcte Antwoorden

Procent van Mensen met Elke Score

Uw Scoregeschiedenis

U heeft deze quiz nog niet genomen